Statistics for true story - Ariana Grande (lyrics)

Click here to take the quiz!

General Stats

  • This quiz has been taken 60 times
  • The average score is 346 of 378

Answer Stats

Answer% Correct
a
100%
about
100%
all
100%
I
100%
is
100%
story
100%
the
100%
This
100%
this
100%
true
100%
You
100%
you
100%
and
97%
And
97%
‘bout
97%
gimme
94%
Gimme
94%
(Gimme
94%
know
94%
lies
94%
love,
94%
Love,
94%
love
94%
love)
94%
me
94%
me)
94%
need
94%
need)
94%
No,
94%
not
94%
Not
94%
(Not
94%
what
94%
games
92%
play
92%
to
92%
(Ain’t
89%
Ain’t
89%
fantasized
89%
(Fantasized)
89%
gonna
89%
happen
89%
want
89%
want)
89%
be
86%
goes,
86%
how
86%
If
86%
if
86%
I’ll
86%
on
86%
bad
83%
in
83%
too
83%
Too
83%
your
83%
girl
81%
it,
81%
it
81%
like
81%
one
81%
See
81%
see,
81%
time
81%
yeah
81%
(Eyes),
78%
eyes
78%
much
78%
my
78%
villain
78%
better
75%
cameras,
75%
can’t
75%
feel
75%
got
75%
makes
75%
part
75%
please
75%
relate
75%
scene
75%
hate,
72%
good
69%
plate
69%
whatever
69%
But
67%
For
67%
for
67%
fun,
67%
Roll
67%
creep
61%
demise,
61%
night
61%
pay
56%
dime
50%
(Dime),
50%
Sneaking
50%
wasting
50%
pray
47%
their
47%
Turning
39%

Score Distribution

Percentile by Number Answered

Percent of People with Each Score

Your Score History

You have not taken this quiz